00303nam a2200133Ia 4500003000400000005001700004008004100021020001900062040000900081100001900090245003500109260001600144260000900160OSt20231211071750.0170524s9999 xx 000 0 und d a81-88-658-46-4 ciimt aKandari- O. P. 0aTourism Hosptality Management b Shree Pub. c2005